| 000 | 00335nam a2200133Ia 4500 | ||
|---|---|---|---|
| 005 | 20260328104311.0 | ||
| 008 | 260328s9999||||xx |||||||||||||| ||und|| | ||
| 100 | _aWiedemann, Julius | ||
| 245 | 4 |
_aThe Package Design Book 4 / _cJulius Wiedemann |
|
| 260 | _bTaschen | ||
| 300 | _a400 p. | ||
| 650 | _aDISEÑO INDUSTRIAL | ||
| 942 | _cBK | ||
| 999 |
_c10943 _d10943 |
||